000 00598nam a2200181 i 4500
001 26716
003 ES-MaACL
005 20230906153505.0
007 t|
008 030110s1967 sp ||||1| spa d
111 2 _aAsambleas Lusitano-Gallegas (
_n1ª, 2ª.
_d1955-1961)
_934
245 1 0 _aPrimera y segunda Asambleas Lusitano-Gallegas
_b: actas y comunicaciones.
260 _aMadrid :
_bEditora Nacional,
_c1967.
300 _a357 p., 11 lám. ;
_c24 cm.
500 _aPrecede al tít.: Real Academia Gallega.
710 2 _aReal Academia Gallega.
_96341
852 _aES-MaACL
_jC-32258
_bR.62736
999 _c26716
_d26716